000 00637nam a2200205Ia 4500
001 15349
003 GE_BSU
008 181216s||||||||xx |||||||||||||| ||und||
040 _cGE_BSU
080 _a821.353.1-32
100 _aყიფიანი,ედიშერ
245 _aმაღალი ჭერი
245 _cრედ.მ.მრევლიშვილი. მხატვ.ი.ჯანაშვილი
260 _aთბილისი
260 _bსაბჭოთა მწერალი
260 _c1956
300 _a262გვ.15სმ.
653 _aმაღალი ჭერი
942 _cBK
999 _c48455
_d48455